Statistiques concernant Trouve les paroles - À l'international - Tal

Cliquez ici pour prendre le quiz!

Statistiques générales

  • Ce quiz a été pris 143 fois
  • Le résultat moyen est 250 sur 339

Statistiques - réponses

Réponse% Correct
À
98%
à
98%
l'international
97%
me
97%
to
96%
tu
96%
Tu
96%
de
94%
je
93%
Je
93%
Des
92%
des
92%
le
92%
dis
91%
faire
91%
I
91%
ma
91%
91%
voyage
91%
Et
90%
peu
90%
un
90%
ne
89%
partout
89%
sais
89%
mon
88%
que
88%
Que
88%
t'aime
87%
coeur
86%
rend
86%
beau
85%
es
85%
plus
85%
Toi
85%
toi
85%
voyager
85%
m'emmène
84%
rendez-vous
84%
m'aimes
83%
la
82%
jour
80%
Mais
80%
chaque
79%
J'ai
79%
les
79%
Les
79%
te
77%
en
76%
balade
74%
do
74%
grand
74%
Lorsque
74%
sauvages
74%
Découvrir
72%
pays
72%
qui
72%
bien
71%
décapotable
71%
so
71%
ces
70%
J'aimerai
70%
nous
70%
quoi
70%
tout
69%
hommes
68%
l'Amérique
68%
Louisiane
68%
traverser
68%
mes
66%
s'arrachent
66%
pour
65%
ressemble
65%
Savoir
65%
tête
65%
Tous
65%
plein
64%
cache
63%
dans
63%
Dans
63%
est
63%
heureuse
63%
tes
63%
toujours
62%
trésors
62%
yeux
62%
d'or
61%
mines
60%
sont
60%
valises
60%
côtés
59%
l'unique
59%
prêtes
59%
chanter
58%
continent
56%
guitare
56%
promène
56%
projets
55%
merveilleux
54%
l'essentiel
53%
l'ont
45%
yo
44%
you
43%
You
43%
baby
38%
Is
38%
is
38%
for
35%
The
35%
the
35%
Don't
34%
it
33%
One
33%
stop
32%
yeah
32%
beautiful
31%
Two
31%
your
31%
monde
27%
cause
26%
Dance
26%
This
26%
time
26%
ton
26%
we
26%
break
25%
feelin'
25%
talk
23%
Talk
23%
body
22%
boy
22%
unbelievable
22%
Hey
21%
how
21%
like
21%
mind
21%
Smile
21%
smile
21%
way
21%
know
18%
stars
15%
right
13%
mood
10%
Damn
9%

Distribution des résultats

Percentile par nombre de réponses

% des personnes avec chaque résultat

Votre développement - résultats

Vous n’avez pas pris ce quiz